000 00591nam a2200205 i 4500
001 bgj
100 1 _aBLACKBURN, Glenn
245 1 0 _aThe West and the World Since 1945 /
_cGlenn Blackburn.
250 _a2nd ed.
260 _aNew York :
_bSt. Martin's Press,
_cc. 1989.
300 _aVIII, 166 pp :
_bmaps, photos, drawings ;
_c23 cm.
505 _aIncludes bibliographical references and index.
650 9 _aWorld politics
_y1945-
020 _a0312009755
040 _cBPK
041 0 _aeng
920 _a0-312-00975-5
942 _cKS
008 s uk f |000 0 eng
999 _c47411
_d47411